|
|
|
|
| LEADER |
00000cam a2200000 7i4500 |
| 001 |
0000007206 |
| 005 |
20111206.0 |
| 020 |
|
|
|a 9679713008
|
| 090 |
0 |
0 |
|a 500
|b BYL
|
| 100 |
1 |
|
|a Byles, Monica
|
| 245 |
1 |
0 |
|a Eksperimen dengan deria
|c Monica Byles
|
| 260 |
|
|
|a Petaling Jaya :
|b Flo Enterprise ,
|c 1992
|
| 300 |
|
|
|a 32 p. :
|b ill. ;
|c 27 cm.
|
| 650 |
0 |
0 |
|a Sense
|x Juvenile literature
|
| 999 |
|
|
|a 051817
|b BUKU
|c JUNIOR BOOKS
|e PERPUSTAKAAN KOMUNITI PETALING JAYA
|
| 999 |
|
|
|a 051818
|b BUKU
|c JUNIOR BOOKS
|e PERPUSTAKAAN KOMUNITI PETALING JAYA
|
| 999 |
|
|
|a 051819
|b BUKU
|c PINJAMAN
|e PERPUSTAKAAN KOMUNITI PETALING JAYA
|